| 000 | 00744nam a22002175i 4500 | ||
|---|---|---|---|
| 001 | 53186 | ||
| 003 | ES-MaACL | ||
| 005 | 20250817024654.0 | ||
| 007 | t| | ||
| 008 | 950912s1868 sp ||||1| spa d | ||
| 040 |
_aCAM _bspa _cCAM |
||
| 100 | 1 |
_aDumas, Alexandre, _d1802-1870 _eaut _9241135 |
|
| 245 | 1 | 0 |
_aDe Paris a Astrakan _b: impresiones de viaje / _cpor Alejandro Dumas ; traducción de F. N. |
| 260 |
_aMadrid : _b[s.n.], _c[1868] ( _fImp. de la Biblioteca Universal Económica) |
||
| 300 |
_a4 v. ; _c18 cm. |
||
| 490 | 1 | _aBiblioteca económica de instrucción y recreo | |
| 830 | 0 | 0 |
_aBiblioteca económica de instrucción y recreo _9182441 |
| 852 |
_aES-MaACL _jD-3137-40 |
||
| 942 | _2udc | ||
| 999 |
_c53186 _d53186 |
||